Countries That Have Won an Olympic Medal at Volleyball - Statistics

General Stats
  • This quiz has been taken 1,284 times
  • The average score is 14 of 21
Answer Stats
G S B Country % Correct
4 3 4 United States
98%
5 4 2 Brazil
96%
3 3 3 Japan
92%
1 0 0 France
91%
3 1 2 China
90%
0 3 3 Italy
90%
1 4 2 Russia
89%
0 0 2 Argentina
82%
1 0 2 Poland
81%
1 1 0 Netherlands
68%
0 0 1 South Korea
67%
0 1 1 Serbia
66%
7 5 1 Soviet Union
64%
3 0 2 Cuba
57%
0 1 1 Bulgaria
54%
1 0 1 Yugoslavia
53%
0 0 1 Romania
51%
0 1 1 Czechoslovakia
40%
0 1 0 Peru
38%
0 2 0 East Germany
36%
0 0 1 North Korea
22%
No matching quizzes found
Score Distribution
Percent of People with Each Score
Percentile by Number Answered
Your Score History
You have not taken this quiz